01282agaaa2200253 45000010005000000030009000050050017000140070009000310080040000400400023000800410013001031000051001161300099001672450265002662500022005312600126005533000034006795110040007135200111007535380016008645460013008806500072008937000063009650651IT-RoPAU20220918181306.0d cvaizq50131s9999||||xx ||| | || ||und|| aIT-RoPAUcIT-RoPAU aITALIANO aGentileschi NormagCodice regista SPICS: 10973 aSANTA MESSA CELEBRATA DA SUA SANTITA' GIOVANNI PAOLO II PER LA CHIUSURA DEL SINODO DEI VESCOVI aSANTA MESSA CELEBRATA DA SUA SANTITA' GIOVANNI PAOLO II PER LA CHIUSURA DEL SINODO DEI VESCOVIcDiretto da: Gentileschi NormapSANTA MESSA CELEBRATA DA SUA SANTITA' GIOVANNI PAOLO II PER LA CHIUSURA DEL SINODO DEI VESCOVI (Rif. Codice opera principale : 90651) aEdizione Standard aROMA (ITALIA)bRAI - RADIO TELEVISIONE ITALIANA / Distribuzione: RAI UNOg"1990 (1° ed.: 1990 ; Ed. Lingua Orig.: 1990)" aVHSbsonoro, col.c150 minuti a"Telecronista; Giuseppe; De; Carli" aSANTA MESSA CELEBRATA DAL PAPA GIOVANNI PAOLO II PER LA CHIUSURA DEL SINODO DEI VESCOVI IL 28 OTTOBRE 1990 aPAL, STEREO aITALIANO aRELIGIOSOeTV-PROGRAMMI RELIGIOSI [VHS]xCodice MATERIA SPICS: 9963 aGentileschi Norma e(regista)gCodice regista SPICS: 10973